Cost accounting : (Record no. 7676)
[ view plain ]
| 000 -LEADER | |
|---|---|
| fixed length control field | 00940cac a22002771u 4500 |
| 008 - FIXED-LENGTH DATA ELEMENTS--GENERAL INFORMATION | |
| fixed length control field | 090113t 2006xxua grbd 001 0 eng d |
| 010 ## - LIBRARY OF CONGRESS CONTROL NUMBER | |
| LC control number | 2004061743 |
| 020 ## - INTERNATIONAL STANDARD BOOK NUMBER | |
| International Standard Book Number | 0131495380 |
| 020 ## - INTERNATIONAL STANDARD BOOK NUMBER | |
| International Standard Book Number | 9780131495388 |
| 082 04 - DEWEY DECIMAL CLASSIFICATION NUMBER | |
| Classification number | 658.1511 |
| Item number | HOR |
| Edition number | 22 |
| 100 1# - MAIN ENTRY--PERSONAL NAME | |
| Personal name | Horngren, Charles T., |
| 9 (RLIN) | 12381 |
| Dates associated with a name | 1926- |
| 245 10 - TITLE STATEMENT | |
| Title | Cost accounting : |
| Remainder of title | a managerial emphasis / |
| Statement of responsibility, etc | Charles T. Horngren, Srikant M. Datar, George Foster. |
| 250 ## - EDITION STATEMENT | |
| Edition statement | 12th ed. |
| 260 ## - PUBLICATION, DISTRIBUTION, ETC. (IMPRINT) | |
| Place of publication, distribution, etc | Upper Saddle River, United States : |
| Name of publisher, distributor, etc | Prentice Hall, |
| Date of publication, distribution, etc | c.2006. |
| 300 ## - PHYSICAL DESCRIPTION | |
| Extent | xxviii, 868 p. : |
| Other physical details | ill. (some col.) ; |
| Dimensions | 29 cm. |
| 500 ## - GENERAL NOTE | |
| General note | Appendix : p. 825-844 |
| 500 ## - GENERAL NOTE | |
| General note | Glossary : p. 845-855. |
| 500 ## - GENERAL NOTE | |
| General note | Indexes : p. 857-868. |
| 504 ## - BIBLIOGRAPHY, ETC. NOTE | |
| Bibliography, etc | Bibliography : p. 829-831.<br/> |
| 650 #0 - SUBJECT ADDED ENTRY--TOPICAL TERM | |
| Topical term or geographic name as entry element | Cost accounting |
| 9 (RLIN) | 1340 |
| 653 ## - INDEX TERM--UNCONTROLLED | |
| Resource For college | |
| Arrived date list | December2013 |
| 655 ## - INDEX TERM--GENRE/FORM | |
| Form subdivision | |
| -- | 34232 |
| 700 1# - ADDED ENTRY--PERSONAL NAME | |
| Personal name | Datar, Srikant M. |
| 9 (RLIN) | 1713 |
| 700 1# - ADDED ENTRY--PERSONAL NAME | |
| Personal name | Foster, George |
| 9 (RLIN) | 1714 |
| 942 ## - ADDED ENTRY ELEMENTS (KOHA) | |
| Item type | Book - Borrowing |
| Call number prefix | 658.1511 HOR |
| Source of classification or shelving scheme | Dewey Decimal Classification |
| Withdrawn status | Item status | Source of classification or shelving scheme | Damaged status | Not for loan | Home library | Current library | Shelving location | Date acquired | Source of acquisition | Total Checkouts | Total Renewals | Full call number | Barcode | Date last seen | Date last borrowed | Koha item type |
|---|---|---|---|---|---|---|---|---|---|---|---|---|---|---|---|---|
| Dewey Decimal Classification | Central Library | Central Library | First floor | 04/02/2008 | Purchase | 5 | 11 | 658.1511 HOR | 000009104 | 15/07/2025 | 27/03/2012 | Book - Borrowing | ||||
| Dewey Decimal Classification | Central Library | Central Library | First floor | 04/02/2008 | Purchase | 2 | 2 | 658.1511 HOR | 000009103 | 15/07/2025 | 11/03/2009 | Book - Borrowing | ||||
| Dewey Decimal Classification | Central Library | Central Library | First floor | 04/02/2008 | Purchase | 1 | 1 | 658.1511 HOR | 000009102 | 15/07/2025 | 02/01/2013 | Book - Borrowing | ||||
| Dewey Decimal Classification | Central Library | Central Library | First floor | 04/02/2008 | Purchase | 3 | 5 | 658.1511 HOR | 000009101 | 15/07/2025 | 20/12/2012 | Book - Borrowing | ||||
| Dewey Decimal Classification | Central Library | Central Library | First floor | 13/01/2009 | Purchase | 4 | 3 | 658.1511 HOR | 000003446 | 15/07/2025 | 05/06/2014 | Book - Borrowing | ||||
| Dewey Decimal Classification | Central Library | Central Library | First floor | 13/01/2009 | Purchase | 1 | 658.1511 HOR | 000009100 | 15/07/2025 | 30/03/2010 | NB - Book (Non borrowing) |